[Event "WCO 2016"]
[Site "?"]
[Date "2016.09.09"]
[Round "7"]
[Board "23"]
[WhiteID "2613433"]
[White "Agbabishvili Lali"]
[BlackID "14607093"]
[Black "Kolaric Spela"]
[Result "1/2-1/2"]
[BlackElo "2079"]
[WhiteElo "2064"]
[LiveChessVersion "1.4.8"]

1. d4 {[%clk 1:30:55]} Nf6 {[%clk 1:30:40]} 2. c4 {[%clk 1:31:20]} e6
{[%clk 1:30:37]} 3. Nf3 {[%clk 1:31:45]} d5 {[%clk 1:30:23]} 4. Nc3
{[%clk 1:32:09]} Be7 {[%clk 1:30:35]} 5. Bf4 {[%clk 1:32:29]} O-O
{[%clk 1:29:51]} 6. e3 {[%clk 1:32:47]} c5 {[%clk 1:27:16]} 7. Be2
{[%clk 1:27:53]} Nc6 {[%clk 1:23:08]} 8. O-O {[%clk 1:27:17]} cxd4
{[%clk 1:16:50]} 9. Nxd4 {[%clk 1:22:52]} Nxd4 {[%clk 1:11:41]} 10. Qxd4
{[%clk 1:15:38]} dxc4 {[%clk 1:10:32]} 11. Qxc4 {[%clk 1:15:13]} Bd7
{[%clk 1:08:24]} 12. Rfd1 {[%clk 1:14:54]} Qb6 {[%clk 1:05:07]} 13. Bc7
{[%clk 1:05:58]} Qc6 {[%clk 0:57:37]} 14. Qxc6 {[%clk 1:05:16]} Bxc6
{[%clk 0:57:58]} 15. Bd6 {[%clk 0:51:22]} Bxd6 {[%clk 0:56:51]} 16. Rxd6
{[%clk 0:51:50]} Rfd8 {[%clk 0:56:41]} 17. Rxd8+ {[%clk 0:43:01]} Rxd8
{[%clk 0:55:34]} 18. Rd1 {[%clk 0:43:28]} Rxd1+ {[%clk 0:54:53]} 19. Bxd1
{[%clk 0:43:57]} Kf8 {[%clk 0:54:24]} 20. f3 {[%clk 0:42:13]} Nd5
{[%clk 0:51:52]} 21. Nxd5 {[%clk 0:41:46]} Bxd5 {[%clk 0:52:16]} 22. a3
{[%clk 0:42:07]} Ke7 {[%clk 0:51:44]} 23. Kf2 {[%clk 0:42:36]} Kd6
{[%clk 0:51:51]} 24. Ke2 {[%clk 0:42:46]} Bc4+ {[%clk 0:47:06]} 25. Kd2
{[%clk 0:43:03]} Bf1 {[%clk 0:47:18]} 26. g3 {[%clk 0:43:31]} Bb5
{[%clk 0:47:18]} 27. Kc3 {[%clk 0:43:45]} Bc6 {[%clk 0:45:18]} 28. Be2
{[%clk 0:38:43]} h6 {[%clk 0:42:01]} 29. f4 {[%clk 0:33:47]} e5 {[%clk 0:40:26]}
30. Bc4 {[%clk 0:28:25]} Bd5 {[%clk 0:34:30]} 31. Bd3 {[%clk 0:25:33]} Bc6
{[%clk 0:34:05]} 32. Bc4 {[%clk 0:25:04]} Bd5 {[%clk 0:34:18]} 33. Be2
{[%clk 0:20:17]} Be4 {[%clk 0:31:22]} 34. Bc4 {[%clk 0:18:00]} Bd5
{[%clk 0:30:48]} 1/2-1/2

[Event "WCO 2016"]
[Site "?"]
[Date "2016.09.09"]
[Round "7"]
[Board "24"]
[WhiteID "14601036"]
[White "Leonardi Caterina"]
[BlackID "2620472"]
[Black "Ouellet Maili-Jade"]
[Result "0-1"]
[BlackElo "1992"]
[WhiteElo "2024"]
[LiveChessVersion "1.4.8"]

1. d4 {[%clk 1:30:50]} d5 {[%clk 1:30:50]} 2. c4 {[%clk 1:30:41]} e6
{[%clk 1:31:12]} 3. Nf3 {[%clk 1:30:42]} Nf6 {[%clk 1:31:31]} 4. g3
{[%clk 1:30:54]} Be7 {[%clk 1:31:51]} 5. Bg2 {[%clk 1:30:49]} O-O
{[%clk 1:32:09]} 6. O-O {[%clk 1:29:17]} b6 {[%clk 1:31:44]} 7. Qc2
{[%clk 1:28:44]} Bb7 {[%clk 1:31:26]} 8. b3 {[%clk 1:28:11]} c5 {[%clk 1:30:55]}
9. Bb2 {[%clk 1:27:10]} Qc7 {[%clk 1:30:00]} 10. Nbd2 {[%clk 1:18:33]} Nbd7
{[%clk 1:28:07]} 11. Rac1 {[%clk 1:14:38]} Rac8 {[%clk 1:27:11]} 12. cxd5
{[%clk 1:08:21]} exd5 {[%clk 1:24:52]} 13. Ne5 {[%clk 1:04:28]} Nxe5
{[%clk 1:08:48]} 14. dxe5 {[%clk 1:04:35]} Nd7 {[%clk 1:09:02]} 15. f4
{[%clk 0:57:15]} b5 {[%clk 0:59:52]} 16. e4 {[%clk 0:53:29]} c4 {[%clk 0:52:20]}
17. exd5 {[%clk 0:50:20]} Bxd5 {[%clk 0:47:59]} 18. bxc4 {[%clk 0:44:58]} bxc4
{[%clk 0:45:21]} 19. Bd4 {[%clk 0:41:20]} Bxg2 {[%clk 0:40:36]} 20. Kxg2
{[%clk 0:41:38]} Nb6 {[%clk 0:39:47]} 21. Qe4 {[%clk 0:40:19]} Rfd8
{[%clk 0:35:53]} 22. Nf3 {[%clk 0:37:16]} Bc5 {[%clk 0:33:53]} 23. Rfd1
{[%clk 0:33:19]} h6 {[%clk 0:27:30]} 24. f5 {[%clk 0:31:49]} Qc6 {[%clk 0:24:08]}
25. Qh4 {[%clk 0:25:31]} Bxd4 {[%clk 0:23:10]} 26. Rxd4 {[%clk 0:25:53]} Rxd4
{[%clk 0:23:16]} 27. Qxd4 {[%clk 0:26:18]} c3 {[%clk 0:19:15]} 28. f6
{[%clk 0:23:41]} Qb5 {[%clk 0:17:33]} 29. Rc2 {[%clk 0:22:40]} Qb1
{[%clk 0:16:27]} 30. Qf2 {[%clk 0:19:29]} Nd5 {[%clk 0:15:41]} 31. Nd4
{[%clk 0:17:49]} Rc4 {[%clk 0:14:17]} 32. e6 {[%clk 0:14:45]} Rxd4
{[%clk 0:11:25]} 33. exf7+ {[%clk 0:14:41]} Kxf7 {[%clk 0:11:42]} 34. fxg7+
{[%clk 0:14:34]} Nf4+ {[%clk 0:11:56]} 0-1

[Event "WCO 2016"]
[Site "?"]
[Date "2016.09.09"]
[Round "7"]
[Board "25"]
[WhiteID "13402005"]
[White "Mamedjarova Turkan"]
[BlackID "13505211"]
[Black "Ziaziulkina Nastassia"]
[Result "1/2-1/2"]
[BlackElo "2382"]
[WhiteElo "2304"]
[LiveChessVersion "1.4.8"]

1. e4 {[%clk 1:30:53]} c5 {[%clk 1:30:11]} 2. c3 {[%clk 1:30:22]} Nf6
{[%clk 1:30:30]} 3. e5 {[%clk 1:28:45]} Nd5 {[%clk 1:28:54]} 4. d4
{[%clk 1:28:46]} d6 {[%clk 1:26:20]} 5. Nf3 {[%clk 1:27:36]} cxd4
{[%clk 1:24:51]} 6. cxd4 {[%clk 1:27:24]} Nc6 {[%clk 1:24:56]} 7. Bc4
{[%clk 1:27:37]} dxe5 {[%clk 1:24:41]} 8. dxe5 {[%clk 1:27:40]} Ndb4
{[%clk 1:24:41]} 9. Qb3 {[%clk 1:26:46]} e6 {[%clk 1:24:36]} 10. O-O
{[%clk 1:24:02]} Na5 {[%clk 1:20:26]} 11. Bb5+ {[%clk 1:21:50]} Bd7
{[%clk 1:19:49]} 12. Qa4 {[%clk 1:21:59]} Bxb5 {[%clk 1:05:54]} 13. Qxb5+
{[%clk 1:21:23]} Nac6 {[%clk 1:06:19]} 14. Nc3 {[%clk 0:53:30]} a6
{[%clk 0:58:30]} 15. Qc4 {[%clk 0:52:46]} Qd3 {[%clk 0:58:00]} 16. Qg4
{[%clk 0:50:21]} h5 {[%clk 0:54:21]} 17. Qh4 {[%clk 0:35:42]} Qf5
{[%clk 0:45:10]} 18. Bg5 {[%clk 0:31:56]} Qg4 {[%clk 0:19:18]} 19. Rad1
{[%clk 0:26:12]} Qxh4 {[%clk 0:18:13]} 20. Bxh4 {[%clk 0:26:08]} Ne7
{[%clk 0:18:01]} 21. Rd2 {[%clk 0:20:25]} Nf5 {[%clk 0:12:58]} 22. Bg5
{[%clk 0:19:16]} Be7 {[%clk 0:12:18]} 23. Rfd1 {[%clk 0:12:27]} Bxg5
{[%clk 0:09:17]} 24. Nxg5 {[%clk 0:12:51]} O-O {[%clk 0:09:29]} 25. Rd7
{[%clk 0:12:07]} Rab8 {[%clk 0:09:44]} 26. h3 {[%clk 0:08:26]} Nc6
{[%clk 0:08:23]} 27. f4 {[%clk 0:06:33]} Ne3 {[%clk 0:08:37]} 28. R1d3
{[%clk 0:06:25]} Nc4 {[%clk 0:09:03]} 29. Rc7 {[%clk 0:05:36]} Nb6
{[%clk 0:08:38]} 30. Rg3 {[%clk 0:04:52]} Na8 {[%clk 0:05:39]} 31. Rd7
{[%clk 0:05:12]} Nb6 {[%clk 0:06:06]} 32. Rc7 {[%clk 0:05:38]} Na8
{[%clk 0:06:15]} 33. Rd7 {[%clk 0:05:32]} Nb6 {[%clk 0:06:40]} 34. Rc7
{[%clk 0:05:12]} 1/2-1/2

[Event "WCO 2016"]
[Site "?"]
[Date "2016.09.09"]
[Round "7"]
[Board "26"]
[WhiteID "13509926"]
[White "Badelka Olga"]
[BlackID "13402625"]
[Black "Khalafova Narmin"]
[Result "0-1"]
[BlackElo "2219"]
[WhiteElo "2222"]
[LiveChessVersion "1.4.8"]

1. d4 {[%clk 1:30:57]} d5 {[%clk 1:29:55]} 2. c4 {[%clk 1:31:20]} c6
{[%clk 1:30:22]} 3. Nf3 {[%clk 1:31:45]} Nf6 {[%clk 1:30:48]} 4. e3
{[%clk 1:32:10]} Bf5 {[%clk 1:31:14]} 5. Nc3 {[%clk 1:27:53]} a6 {[%clk 1:31:31]}
6. Be2 {[%clk 1:25:26]} h6 {[%clk 1:31:44]} 7. O-O {[%clk 1:24:43]} e6
{[%clk 1:30:21]} 8. c5 {[%clk 1:23:46]} Nbd7 {[%clk 1:29:01]} 9. b4
{[%clk 1:22:10]} Qc7 {[%clk 1:23:43]} 10. Bb2 {[%clk 1:19:49]} Be7
{[%clk 1:21:45]} 11. a4 {[%clk 1:07:35]} e5 {[%clk 0:57:47]} 12. dxe5
{[%clk 1:02:28]} Nxe5 {[%clk 0:57:18]} 13. Nxe5 {[%clk 1:02:46]} Qxe5
{[%clk 0:57:42]} 14. Bf3 {[%clk 0:53:10]} Qc7 {[%clk 0:50:18]} 15. Re1
{[%clk 0:51:14]} Rd8 {[%clk 0:41:31]} 16. Qe2 {[%clk 0:46:27]} Be4
{[%clk 0:31:23]} 17. Bxe4 {[%clk 0:38:47]} dxe4 {[%clk 0:31:43]} 18. f3
{[%clk 0:39:04]} exf3 {[%clk 0:28:41]} 19. gxf3 {[%clk 0:39:28]} a5
{[%clk 0:25:43]} 20. b5 {[%clk 0:35:24]} Bxc5 {[%clk 0:24:20]} 21. Kh1
{[%clk 0:34:52]} Qe7 {[%clk 0:21:59]} 22. bxc6 bxc6 {[%clk 0:22:08]} 23. Rg1
{[%clk 0:18:46]} Rg8 {[%clk 0:18:08]} 24. Qa6 {[%clk 0:17:37]} Qc7
{[%clk 0:14:57]} 25. Rad1 {[%clk 0:11:48]} Rxd1 {[%clk 0:10:50]} 26. Nxd1
{[%clk 0:11:48]} Qd6 {[%clk 0:03:20]} 27. Nf2 {[%clk 0:09:49]} Ke7
{[%clk 0:01:58]} 28. Bxf6+ {[%clk 0:05:28]} Qxf6 {[%clk 0:02:12]} 29. Qb7+
{[%clk 0:05:27]} Kf8 {[%clk 0:01:33]} 30. Qc8+ {[%clk 0:01:00]} Ke7
{[%clk 0:02:02]} 31. Qb7+ {[%clk 0:01:26]} Kf8 {[%clk 0:02:27]} 32. Qc8+
{[%clk 0:00:51]} Ke7 {[%clk 0:02:56]} 33. Qc7+ {[%clk 0:01:05]} Kf8
{[%clk 0:03:19]} 34. f4 {[%clk 0:00:36]} Qe6 {[%clk 0:02:45]} 35. Qb8+
{[%clk 0:00:35]} Qe8 {[%clk 0:03:11]} 36. Qc7 {[%clk 0:00:32]} g6
{[%clk 0:01:19]} 37. Re1 {[%clk 0:00:40]} Bb4 {[%clk 0:01:08]} 38. Re2
{[%clk 0:01:00]} Kg7 {[%clk 0:01:31]} 39. e4 {[%clk 0:01:01]} Qe6
{[%clk 0:01:35]} 40. Nd3 {[%clk 0:30:39]} Qh3 {[%clk 0:31:28]} 41. Rg2
{[%clk 0:21:34]} Qxd3 {[%clk 0:31:05]} 42. f5 {[%clk 0:20:15]} Qb1+
{[%clk 0:31:24]} 0-1

[Event "WCO 2016"]
[Site "?"]
[Date "2016.09.09"]
[Round "7"]
[Board "27"]
[WhiteID "13403052"]
[White "Fataliyeva Ulviyya"]
[BlackID "13502638"]
[Black "Bogdan Ekaterina"]
[Result "1-0"]
[BlackElo "2120"]
[WhiteElo "2234"]
[LiveChessVersion "1.4.8"]

1. e4 {[%clk 1:30:58]} e6 {[%clk 1:30:54]} 2. d4 {[%clk 1:31:26]} d5
{[%clk 1:31:16]} 3. Nc3 {[%clk 1:31:54]} Bb4 {[%clk 1:27:50]} 4. e5
{[%clk 1:32:22]} c5 {[%clk 1:28:00]} 5. Bd2 {[%clk 1:32:51]} Ne7 {[%clk 1:27:21]}
6. a3 {[%clk 1:33:19]} Bxc3 {[%clk 1:26:45]} 7. Bxc3 {[%clk 1:33:48]} cxd4
{[%clk 1:24:37]} 8. Qxd4 {[%clk 1:34:15]} Nbc6 {[%clk 1:17:24]} 9. Qg4
{[%clk 1:34:43]} Ng6 {[%clk 1:12:05]} 10. Nf3 {[%clk 1:32:42]} Qc7
{[%clk 1:02:02]} 11. h4 {[%clk 1:29:36]} Bd7 {[%clk 0:52:38]} 12. h5
{[%clk 1:22:38]} Nge7 {[%clk 0:52:34]} 13. Qxg7 {[%clk 1:15:19]} O-O-O
{[%clk 0:52:37]} 14. O-O-O {[%clk 1:03:39]} d4 {[%clk 0:40:48]} 15. Be1
{[%clk 0:57:59]} Nd5 {[%clk 0:32:19]} 16. Qg4 {[%clk 0:54:45]} f6
{[%clk 0:29:35]} 17. Nxd4 {[%clk 0:49:05]} Nxe5 {[%clk 0:29:29]} 18. Qe4
{[%clk 0:46:37]} f5 {[%clk 0:24:46]} 19. Qe2 {[%clk 0:45:46]} Nf4
{[%clk 0:20:14]} 20. Qd2 {[%clk 0:41:01]} Bc6 {[%clk 0:13:54]} 21. Qa5
{[%clk 0:34:10]} Ng4 {[%clk 0:11:40]} 22. Qxa7 {[%clk 0:31:52]} Bxg2
{[%clk 0:07:54]} 23. Ba5 {[%clk 0:26:39]} b6 {[%clk 0:06:26]} 24. Ba6+
{[%clk 0:25:56]} Bb7 {[%clk 0:06:46]} 25. Nb5 {[%clk 0:19:53]} Qc6
{[%clk 0:04:40]} 26. Qa8# 1-0

[Event "WCO 2016"]
[Site "?"]
[Date "2016.09.09"]
[Round "7"]
[Board "28"]
[WhiteID "13506480"]
[White "Revo Tatiana"]
[BlackID "13402137"]
[Black "Umudova Nargiz"]
[Result "0-1"]
[BlackElo "2247"]
[WhiteElo "2087"]
[LiveChessVersion "1.4.8"]

1. e4 {[%clk 1:30:58]} c6 {[%clk 1:30:53]} 2. d4 {[%clk 1:31:22]} d5
{[%clk 1:31:18]} 3. Nc3 {[%clk 1:31:48]} dxe4 {[%clk 1:31:42]} 4. Nxe4
{[%clk 1:32:13]} Nd7 {[%clk 1:32:02]} 5. Bc4 {[%clk 1:32:31]} Ngf6
{[%clk 1:32:16]} 6. Ng5 {[%clk 1:32:52]} e6 {[%clk 1:32:37]} 7. Qe2
{[%clk 1:33:12]} Nb6 {[%clk 1:32:31]} 8. Bd3 {[%clk 1:33:35]} c5 {[%clk 1:16:31]}
9. dxc5 {[%clk 1:31:09]} Bxc5 {[%clk 1:12:59]} 10. N1f3 {[%clk 1:25:56]} h6
{[%clk 1:05:39]} 11. Ne4 {[%clk 1:23:25]} Be7 {[%clk 0:52:29]} 12. Bd2
{[%clk 1:12:40]} Nfd5 {[%clk 0:37:03]} 13. O-O-O {[%clk 0:57:10]} Qc7
{[%clk 0:36:12]} 14. Kb1 {[%clk 0:54:17]} Bd7 {[%clk 0:34:16]} 15. g3
{[%clk 0:42:46]} Rc8 {[%clk 0:32:33]} 16. Ba5 {[%clk 0:34:30]} Nb4
{[%clk 0:12:55]} 17. Bb5 {[%clk 0:22:34]} Bc6 {[%clk 0:04:16]} 18. a3
{[%clk 0:16:15]} N4d5 {[%clk 0:03:25]} 19. Nd4 {[%clk 0:09:19]} O-O
{[%clk 0:03:08]} 20. Bxc6 {[%clk 0:07:30]} bxc6 {[%clk 0:03:30]} 21. c4
{[%clk 0:07:44]} Nf6 {[%clk 0:01:49]} 22. Nxf6+ {[%clk 0:06:48]} gxf6
{[%clk 0:02:01]} 23. Qh5 {[%clk 0:06:58]} Qe5 {[%clk 0:01:54]} 24. Qg4+
{[%clk 0:05:49]} Qg5 {[%clk 0:01:01]} 25. Qxg5+ {[%clk 0:05:06]} fxg5
{[%clk 0:01:17]} 26. Rc1 {[%clk 0:02:55]} Bf6 {[%clk 0:01:27]} 27. Nb3
{[%clk 0:02:49]} Na4 {[%clk 0:01:18]} 28. Rhd1 {[%clk 0:01:20]} Bxb2
{[%clk 0:00:51]} 29. Rc2 {[%clk 0:01:47]} Bf6 {[%clk 0:00:46]} 30. Rd7
{[%clk 0:02:07]} Rb8 {[%clk 0:01:08]} 31. Ka2 {[%clk 0:01:24]} Rxb3
{[%clk 0:01:23]} 32. Bb4 {[%clk 0:01:49]} Rf3 {[%clk 0:01:11]} 33. Bxf8
{[%clk 0:02:10]} Kxf8 {[%clk 0:01:14]} 34. Kb1 {[%clk 0:01:08]} Rxa3
{[%clk 0:01:22]} 35. Kc1 {[%clk 0:01:21]} Nc5 {[%clk 0:01:14]} 36. Rc7
{[%clk 0:01:31]} Nb3+ {[%clk 0:01:33]} 0-1

[Event "WCO 2016"]
[Site "?"]
[Date "2016.09.09"]
[Round "7"]
[Board "26"]
[WhiteID "3304019"]
[White "Monroy G. Nataly A."]
[BlackID "13406396"]
[Black "Balajayeva Khanim"]
[Result "1/2-1/2"]
[BlackElo "2147"]
[WhiteElo "2105"]
[LiveChessVersion "1.4.8"]

1. d4 {[%clk 1:30:49]} d5 {[%clk 1:30:56]} 2. Nf3 {[%clk 1:31:03]} e6
{[%clk 1:31:01]} 3. c4 {[%clk 1:31:17]} Nf6 {[%clk 1:31:24]} 4. g3
{[%clk 1:31:20]} dxc4 {[%clk 1:31:49]} 5. Bg2 {[%clk 1:31:23]} c6
{[%clk 1:24:07]} 6. O-O {[%clk 1:26:19]} Nbd7 {[%clk 1:22:16]} 7. Nc3
{[%clk 1:25:15]} Be7 {[%clk 1:19:27]} 8. e4 {[%clk 1:24:11]} O-O {[%clk 1:14:44]}
9. Qe2 {[%clk 1:21:09]} b5 {[%clk 1:11:02]} 10. a4 {[%clk 1:20:09]} b4
{[%clk 1:09:57]} 11. Na2 {[%clk 1:19:25]} a5 {[%clk 1:10:08]} 12. Rd1
{[%clk 1:18:58]} Ba6 {[%clk 1:09:31]} 13. Bf4 {[%clk 1:17:14]} Qc8
{[%clk 0:49:22]} 14. Qe3 {[%clk 0:47:23]} c3 {[%clk 0:39:14]} 15. Rdb1
{[%clk 0:27:04]} Ng4 {[%clk 0:33:00]} 16. Qc1 {[%clk 0:23:57]} Bd3
{[%clk 0:33:23]} 17. bxc3 {[%clk 0:24:21]} Bxb1 {[%clk 0:33:49]} 18. Rxb1
{[%clk 0:24:44]} c5 {[%clk 0:32:06]} 19. e5 {[%clk 0:23:18]} Rb8 {[%clk 0:28:24]}
20. cxb4 {[%clk 0:23:14]} cxb4 {[%clk 0:28:19]} 21. Qb2 {[%clk 0:23:06]} Nb6
{[%clk 0:23:03]} 22. h3 {[%clk 0:21:40]} Nh6 {[%clk 0:23:29]} 23. Bxh6
{[%clk 0:20:44]} gxh6 {[%clk 0:23:55]} 24. Qd2 {[%clk 0:20:21]} Kg7
{[%clk 0:24:16]} 25. Rc1 {[%clk 0:19:59]} Qd8 {[%clk 0:23:54]} 26. h4
{[%clk 0:20:04]} Nxa4 {[%clk 0:22:38]} 27. Nh2 {[%clk 0:20:00]} f5
{[%clk 0:10:24]} 28. exf6+ {[%clk 0:20:00]} Rxf6 {[%clk 0:10:52]} 29. Ng4
{[%clk 0:20:04]} b3 {[%clk 0:10:00]} 30. Nxf6 {[%clk 0:19:27]} Bxf6
{[%clk 0:10:27]} 31. Nc3 {[%clk 0:18:09]} Nxc3 {[%clk 0:10:11]} 32. Qxc3
{[%clk 0:16:47]} b2 {[%clk 0:10:31]} 33. Rb1 {[%clk 0:17:10]} Bxd4
{[%clk 0:10:51]} 34. Qf3 {[%clk 0:15:25]} Rc8 {[%clk 0:08:27]} 35. Qg4+
{[%clk 0:15:50]} Kh8 {[%clk 0:08:36]} 36. Be4 {[%clk 0:15:44]} Qf6
{[%clk 0:06:43]} 37. Qe2 {[%clk 0:14:56]} Rc1+ {[%clk 0:06:57]} 38. Kg2
{[%clk 0:15:19]} a4 {[%clk 0:06:33]} 39. Qd2 {[%clk 0:14:09]} a3 {[%clk 0:06:16]}
40. Rxc1 {[%clk 0:43:52]} bxc1=Q {[%clk 0:36:29]} 41. Qxc1 {[%clk 0:44:15]} Qxf2+
{[%clk 0:33:31]} 42. Kh3 {[%clk 0:43:52]} Qf8 {[%clk 0:33:42]} 43. Qc4
{[%clk 0:35:09]} 1/2-1/2

[Event "WCO 2016"]
[Site "?"]
[Date "2016.09.09"]
[Round "7"]
[Board "27"]
[WhiteID "13413015"]
[White "Beydullayeva Govhar"]
[BlackID "3301923"]
[Black "Estrada Lucia"]
[Result "1/2-1/2"]
[BlackElo "1941"]
[WhiteElo "1994"]
[LiveChessVersion "1.4.8"]

1. d4 {[%clk 1:30:57]} d5 {[%clk 1:30:44]} 2. c4 {[%clk 1:31:22]} e6
{[%clk 1:30:54]} 3. Nf3 {[%clk 1:31:42]} Nf6 {[%clk 1:30:42]} 4. Nc3
{[%clk 1:31:55]} c6 {[%clk 1:30:28]} 5. e3 {[%clk 1:31:54]} Bd6 {[%clk 1:29:11]}
6. Qc2 {[%clk 1:31:59]} Nbd7 {[%clk 1:29:01]} 7. Bd3 {[%clk 1:31:35]} O-O
{[%clk 1:28:11]} 8. O-O {[%clk 1:31:37]} h6 {[%clk 1:20:23]} 9. Rd1
{[%clk 1:30:11]} Qe7 {[%clk 1:16:39]} 10. e4 {[%clk 1:25:15]} dxe4
{[%clk 1:16:31]} 11. Nxe4 {[%clk 1:23:56]} Nxe4 {[%clk 1:16:03]} 12. Bxe4
{[%clk 1:24:23]} Nf6 {[%clk 1:15:34]} 13. Bd3 {[%clk 1:23:06]} b6
{[%clk 1:07:18]} 14. Qe2 {[%clk 1:19:10]} Bb7 {[%clk 1:06:30]} 15. b3
{[%clk 1:18:17]} c5 {[%clk 1:06:16]} 16. dxc5 {[%clk 1:15:10]} Bxc5
{[%clk 1:06:21]} 17. Ne5 {[%clk 1:11:39]} Rad8 {[%clk 1:00:46]} 18. Be3
{[%clk 1:04:03]} Ba8 {[%clk 0:50:04]} 19. Rab1 {[%clk 0:57:05]} Bxe3
{[%clk 0:32:03]} 20. Qxe3 {[%clk 0:56:39]} Nd7 {[%clk 0:25:49]} 21. b4
{[%clk 0:36:37]} Nxe5 {[%clk 0:23:54]} 22. Qxe5 {[%clk 0:36:08]} Rd7
{[%clk 0:23:52]} 23. a3 {[%clk 0:32:46]} Rfd8 {[%clk 0:19:29]} 24. Bc2
{[%clk 0:30:37]} Rxd1+ {[%clk 0:15:40]} 25. Rxd1 {[%clk 0:29:52]} Rxd1+
{[%clk 0:13:28]} 26. Bxd1 {[%clk 0:30:19]} Qd8 {[%clk 0:12:41]} 27. Bc2
{[%clk 0:27:51]} Bc6 {[%clk 0:10:57]} 28. f3 {[%clk 0:25:48]} Kf8
{[%clk 0:04:06]} 29. Qf4 {[%clk 0:21:46]} Ke7 {[%clk 0:03:23]} 30. Kf2
{[%clk 0:17:27]} Qd6 {[%clk 0:02:55]} 31. Qxd6+ {[%clk 0:16:28]} Kxd6
{[%clk 0:03:23]} 32. Ke3 {[%clk 0:15:13]} e5 {[%clk 0:03:15]} 33. h4
{[%clk 0:05:37]} 1/2-1/2

[Event "WCO 2016"]
[Site "?"]
[Date "2016.09.09"]
[Round "7"]
[Board "28"]
[WhiteID "3303888"]
[White "Molina Jessica"]
[BlackID "13412590"]
[Black "Allahverdiyeva Ayan"]
[Result "1/2-1/2"]
[BlackElo "1780"]
[WhiteElo "1883"]
[LiveChessVersion "1.4.8"]

1. d4 {[%clk 1:30:57]} d5 {[%clk 1:30:47]} 2. Nf3 {[%clk 1:31:21]} Nf6
{[%clk 1:31:02]} 3. c4 {[%clk 1:31:43]} e6 {[%clk 1:31:27]} 4. Nbd2
{[%clk 1:30:55]} b6 {[%clk 1:31:08]} 5. g3 {[%clk 1:30:52]} Bb7 {[%clk 1:29:48]}
6. Bg2 {[%clk 1:30:34]} Bd6 {[%clk 1:28:30]} 7. O-O {[%clk 1:30:47]} O-O
{[%clk 1:27:54]} 8. b3 {[%clk 1:27:18]} Qe7 {[%clk 1:26:35]} 9. e3
{[%clk 1:19:15]} Rd8 {[%clk 1:25:41]} 10. Bb2 {[%clk 1:15:46]} c5
{[%clk 1:24:58]} 11. Qc2 {[%clk 1:07:51]} Nc6 {[%clk 1:20:54]} 12. Rac1
{[%clk 1:06:36]} e5 {[%clk 1:15:25]} 13. cxd5 {[%clk 0:59:49]} Nxd5
{[%clk 1:15:33]} 14. dxe5 {[%clk 0:59:15]} Nxe5 {[%clk 1:14:32]} 15. Nxe5
{[%clk 0:57:16]} Bxe5 {[%clk 1:14:55]} 16. Bxe5 {[%clk 0:57:12]} Qxe5
{[%clk 1:13:24]} 17. Nc4 {[%clk 0:56:33]} Qe7 {[%clk 1:12:23]} 18. Rfd1
{[%clk 0:54:50]} Nb4 {[%clk 1:10:59]} 19. Qb1 {[%clk 0:53:27]} Bxg2
{[%clk 1:09:22]} 20. Kxg2 {[%clk 0:53:44]} Qb7+ {[%clk 1:09:40]} 21. Kg1
{[%clk 0:54:03]} Qf3 {[%clk 1:08:06]} 22. Ne5 {[%clk 0:47:43]} Qh5
{[%clk 1:06:04]} 23. Nd3 {[%clk 0:39:53]} Nd5 {[%clk 0:34:29]} 24. Qb2
{[%clk 0:32:06]} f6 {[%clk 0:31:14]} 25. Rd2 {[%clk 0:29:09]} Rd7
{[%clk 0:29:56]} 26. Rcd1 {[%clk 0:24:41]} Rad8 {[%clk 0:30:05]} 27. e4
{[%clk 0:16:54]} Nb4 {[%clk 0:29:50]} 28. Nxb4 {[%clk 0:15:32]} Qxd1+
{[%clk 0:30:14]} 29. Rxd1 {[%clk 0:15:26]} Rxd1+ {[%clk 0:30:38]} 30. Kg2
{[%clk 0:15:42]} cxb4 {[%clk 0:31:02]} 31. Qe2 {[%clk 0:15:48]} a5
{[%clk 0:29:40]} 32. e5 {[%clk 0:12:23]} R1d2 {[%clk 0:28:12]} 33. Qc4+
{[%clk 0:10:33]} Kf8 {[%clk 0:24:56]} 34. exf6 {[%clk 0:10:32]} gxf6
{[%clk 0:25:22]} 35. Qc7 {[%clk 0:10:09]} R8d7 {[%clk 0:23:57]} 36. Qxb6
{[%clk 0:08:13]} Rxa2 {[%clk 0:24:17]} 37. Qxf6+ {[%clk 0:05:47]} Rf7
{[%clk 0:24:44]} 38. Qd6+ {[%clk 0:05:57]} Ke8 {[%clk 0:24:15]} 39. Qe6+
{[%clk 0:05:49]} Kf8 {[%clk 0:24:39]} 40. Qc8+ {[%clk 0:33:59]} Kg7
{[%clk 0:54:56]} 41. Qg4+ {[%clk 0:33:37]} Kf8 {[%clk 0:55:17]} 42. Qc8+
{[%clk 0:31:34]} Kg7 43. Qg4+ {[%clk 0:31:37]} Kf8 {[%clk 0:54:46]} 1/2-1/2

[Event "WCO 2016"]
[Site "?"]
[Date "2016.09.09"]
[Round "7"]
[Board "29"]
[WhiteID "1118080"]
[White "Worek Joanna"]
[BlackID "4501993"]
[Black "Golubenko Valentina"]
[Result "0-1"]
[BlackElo "2245"]
[WhiteElo "2360"]
[LiveChessVersion "1.4.8"]

1. d4 {[%clk 1:30:57]} Nf6 {[%clk 1:30:56]} 2. c4 {[%clk 1:31:20]} c5
{[%clk 1:31:21]} 3. d5 {[%clk 1:31:46]} e6 {[%clk 1:31:13]} 4. Nc3
{[%clk 1:32:10]} exd5 {[%clk 1:31:39]} 5. cxd5 {[%clk 1:32:35]} d6
{[%clk 1:32:01]} 6. Nf3 {[%clk 1:32:47]} g6 {[%clk 1:32:26]} 7. Nd2
{[%clk 1:33:13]} Bg7 {[%clk 1:32:24]} 8. e4 {[%clk 1:33:19]} O-O {[%clk 1:31:57]}
9. Be2 {[%clk 1:33:20]} Re8 {[%clk 1:27:45]} 10. O-O {[%clk 1:33:36]} b6
{[%clk 1:27:22]} 11. a4 {[%clk 1:32:11]} a6 {[%clk 1:23:08]} 12. Ra3
{[%clk 1:31:53]} Nbd7 {[%clk 1:21:46]} 13. h3 {[%clk 1:31:33]} Nf8
{[%clk 1:20:15]} 14. f4 {[%clk 1:26:39]} Bd7 {[%clk 1:15:57]} 15. Qc2
{[%clk 1:21:57]} Qc7 {[%clk 1:02:07]} 16. Kh1 {[%clk 1:08:11]} Reb8
{[%clk 0:53:05]} 17. e5 {[%clk 0:59:06]} Bf5 {[%clk 0:39:21]} 18. exd6
{[%clk 0:52:34]} Qd7 {[%clk 0:29:25]} 19. Qd1 {[%clk 0:46:28]} Bxh3
{[%clk 0:24:33]} 20. Nc4 {[%clk 0:44:02]} Bf5 {[%clk 0:21:55]} 21. Bf3
{[%clk 0:41:45]} Ng4 {[%clk 0:18:58]} 22. Bxg4 Bxg4 {[%clk 0:19:21]} 23. Qd3
{[%clk 0:25:41]} Bf5 {[%clk 0:14:22]} 24. Qf3 {[%clk 0:24:17]} Qd8
{[%clk 0:14:32]} 25. Qg3 {[%clk 0:19:37]} Rb7 {[%clk 0:12:41]} 26. Nd1
{[%clk 0:17:55]} b5 {[%clk 0:07:15]} 27. axb5 {[%clk 0:15:38]} axb5
{[%clk 0:07:43]} 28. Rxa8 {[%clk 0:15:52]} Qxa8 {[%clk 0:08:11]} 29. Ne5
{[%clk 0:16:06]} Qd8 {[%clk 0:07:07]} 30. Ne3 {[%clk 0:16:00]} Be4
{[%clk 0:03:05]} 31. N5g4 {[%clk 0:07:22]} Qxd6 {[%clk 0:03:12]} 32. Nf2
{[%clk 0:07:29]} Re7 {[%clk 0:03:02]} 33. b3 {[%clk 0:05:25]} Nd7
{[%clk 0:03:16]} 34. Nxe4 {[%clk 0:04:49]} Rxe4 {[%clk 0:03:43]} 35. Ng4
{[%clk 0:04:10]} f5 {[%clk 0:03:02]} 36. Nf2 {[%clk 0:04:10]} Rd4
{[%clk 0:02:41]} 37. Re1 {[%clk 0:01:47]} Nf6 {[%clk 0:01:49]} 38. Bb2
{[%clk 0:01:35]} Rxd5 {[%clk 0:01:56]} 39. Qe3 {[%clk 0:01:17]} Qd7
{[%clk 0:01:21]} 40. Ra1 {[%clk 0:31:15]} h6 {[%clk 0:30:46]} 41. Ra6
{[%clk 0:30:50]} Qf7 {[%clk 0:11:16]} 42. Qe2 {[%clk 0:22:37]} Nh5
{[%clk 0:09:55]} 43. Qc2 {[%clk 0:18:21]} Ng3+ {[%clk 0:07:17]} 44. Kg1
{[%clk 0:16:58]} Qe8 {[%clk 0:05:19]} 45. Be5 {[%clk 0:15:27]} Bxe5
{[%clk 0:04:07]} 46. fxe5 {[%clk 0:15:30]} Qxe5 {[%clk 0:02:34]} 47. Rxg6+
{[%clk 0:07:48]} Kf7 {[%clk 0:03:03]} 48. Rxg3 {[%clk 0:08:11]} Qxg3
{[%clk 0:03:31]} 49. Qa2 {[%clk 0:08:15]} Re5 {[%clk 0:02:54]} 50. Qa7+
{[%clk 0:08:13]} Re7 {[%clk 0:03:10]} 51. Qa1 {[%clk 0:08:20]} Re2
{[%clk 0:02:11]} 0-1